000 00478nam a2200181Ia 4500
005 20250326141147.0
008 250326s9999 xx 000 0 und d
037 _aTextbook
040 _aFMSL
_beng
_cFMSL
041 _aeng
_2eng
084 _aX:8 L6
_qFMSL
100 _aMoore P G
245 0 _aCase studies in decision analysis
_cMoore P G
260 _aNY
_bNY, Penguin Education
_c1976
300 _a167p
942 _cTB
_hX:8 L6
999 _c1288989
_d1288989